|
|
|
|
| LEADER |
00000cam a2200000 a 4500 |
| 001 |
027155 |
| 003 |
UAHC_CL |
| 005 |
20251126194518.0 |
| 008 |
251126s2008 sp 000 spa |
| 040 |
|
|
|a UAHC_CL
|c UAHC_CL
|d UAHC_CL
|
| 100 |
|
|
|a Rausell Köster, Pau
|9 22551
|
| 245 |
1 |
0 |
|a Cultura :
|b estrategia para el desarrollo local
|c Pau Rausell Köster (Dir.) ; Raúl Abeledo Sanchís ; Salvador Carrasco Arroyo ; José Martínez Tormo.
|
| 264 |
|
|
|a Madrid :
|b Agencia Española de Cooperación Internacional,
|c 2008.
|
| 300 |
|
|
|a 288 páginas.
|
| 500 |
|
|
|a Sitio visitado https://ccecr.org/wp/wp-content/uploads/2020/06/4.-Cultura.-Estrategia-para-el-desarrollo-local.pdf el 25 de noviembre de 2025.
|
| 520 |
|
|
|a Esta obra es un aporte invaluable para todas aquellas feministas que de una u otra manera siempre nos preguntamos desde nuestra perspectiva de mujeres el porqué de las cosas y aún más valioso, para las que tenemos formación de abogadas y hemos sufrido en cabeza propia la cuadratura del pensamiento legal, para las que cargamos con el dogma de los "derechos y obligaciones" como letanías incuestionables del quehacer jurídico, para las que hemos sido entrenadas a creer que es suficiente que el principio de igualdad esté escrito, enumerado y consagrado en nuestras Constituciones Políticas.
|
| 700 |
|
|
|a Abeledo Sanchís, Raúl
|9 22552
|e autor
|
| 700 |
|
|
|a Carrasco Arroyo, Salvador
|9 22553
|e autor
|
| 700 |
|
|
|a Martínez Tormo, José
|9 22554
|e autor
|
| 856 |
|
|
|3 Acceso electrónico al documento
|u https://ccecr.org/wp/wp-content/uploads/2020/06/4.-Cultura.-Estrategia-para-el-desarrollo-local.pdf
|
| 942 |
|
|
|c RL
|2 ddc
|
| 952 |
|
|
|0 0
|1 0
|2 ddc
|4 0
|6 RECURSO_ELECTRÓNICO
|7 0
|8 COMP
|9 101516
|a BR
|b BR
|c Digital
|d 2025-11-26
|l 0
|o Recurso electrónico
|r 2025-11-26 19:45:42
|w 2025-11-26
|y RL
|B SOC
|
| 999 |
|
|
|c 63203
|d 63203
|